Wheat (Record no. 74842)
[ view plain ]
| 000 -LEADER | |
|---|---|
| fixed length control field | 00858cam a22002771 4500 |
| 001 - CONTROL NUMBER | |
| control field | sa 67004897 |
| 003 - CONTROL NUMBER IDENTIFIER | |
| control field | DLC |
| 005 - DATE AND TIME OF LATEST TRANSACTION | |
| control field | 20260227112352.0 |
| 008 - FIXED-LENGTH DATA ELEMENTS--GENERAL INFORMATION | |
| fixed length control field | 810709s1966 ii abc b 000 0 eng |
| 010 ## - LIBRARY OF CONGRESS CONTROL NUMBER | |
| LC control number | sa 67004897 |
| 025 ## - OVERSEAS ACQUISITION NUMBER | |
| Overseas acquisition number | PL480:I-E-8318 |
| 035 ## - SYSTEM CONTROL NUMBER | |
| System control number | (OCoLC)7568666 |
| 040 ## - CATALOGING SOURCE | |
| Original cataloging agency | DLC |
| Transcribing agency | MnSU |
| Modifying agency | DLC |
| 042 ## - AUTHENTICATION CODE | |
| Authentication code | premarc |
| 043 ## - GEOGRAPHIC AREA CODE | |
| Geographic area code | a-ii--- |
| 050 00 - LIBRARY OF CONGRESS CALL NUMBER | |
| Classification number | SB191.W5 |
| Item number | P28 |
| 082 ## - DEWEY DECIMAL CLASSIFICATION NUMBER | |
| Classification number | 633/.11/0954 |
| 100 1# - MAIN ENTRY--PERSONAL NAME | |
| Personal name | Pal, B. P. |
| Fuller form of name | (Benjamin Peary), |
| Dates associated with a name | 1906-1989. |
| 245 10 - TITLE STATEMENT | |
| Title | Wheat |
| Statement of responsibility, etc. | [by] B. P. Pal. |
| 260 ## - PUBLICATION, DISTRIBUTION, ETC. | |
| Place of publication, distribution, etc. | New Delhi, |
| Name of publisher, distributor, etc. | Indian Council of Agricultural Research |
| Date of publication, distribution, etc. | [1966] |
| 300 ## - PHYSICAL DESCRIPTION | |
| Extent | xviii, 370 p. |
| Other physical details | illus., map, ports. |
| Dimensions | 25 cm. |
| 490 1# - SERIES STATEMENT | |
| Series statement | I.C.A.R. cereal crop series, |
| Volume/sequential designation | no. 4 |
| 504 ## - BIBLIOGRAPHY, ETC. NOTE | |
| Bibliography, etc. note | Includes bibliographies. |
| 650 #0 - SUBJECT ADDED ENTRY--TOPICAL TERM | |
| Topical term or geographic name entry element | Wheat |
| Geographic subdivision | India. |
| 810 2# - SERIES ADDED ENTRY--CORPORATE NAME | |
| Corporate name or jurisdiction name as entry element | Indian Council of Agricultural Research. |
| Title of a work | I.C.A.R. cereal crop series ; |
| Volume/sequential designation | no. 4. |
No items available.